Central Library OPAC University of Rajshahi

Kipling and India : (Record no. 77172)

MARC details
000 -LEADER
fixed length control field 00944nam a2200277 a 4500
001 - CONTROL NUMBER
control field 77172
003 - CONTROL NUMBER IDENTIFIER
rucl marc code BD-RjUL
005 - DATE AND TIME OF LATEST TRANSACTION
control field 20211209082932.0
008 - FIXED-LENGTH DATA ELEMENTS--GENERAL INFORMATION
fixed length control field 200227s1964 bg b 000 0 eng
035 ## - SYSTEM CONTROL NUMBER
System control number (BD-RjUL)77396
System control number (OCoLC)5760126
040 ## - CATALOGING SOURCE
Original cataloging agency DLC
Transcribing agency OAkU
Modifying agency DLC
-- BD-RjUL
Language of cataloging eng
041 ## - LANGUAGE CODE
Language code of text/sound track or separate title eng
042 ## - AUTHENTICATION CODE
Authentication code premarc
082 ## - DEWEY DECIMAL CLASSIFICATION NUMBER
Classification number 828
Author mark and year HUK 1964
100 1# - MAIN ENTRY--PERSONAL NAME
Personal name Husain, Syed Sajjad.
9 (RLIN) 240074
245 10 - TITLE STATEMENT
Title Kipling and India :
Remainder of title an inquiry into the nature and extent of Kipling's knowledge of the Indian sub-continent /
Statement of responsibility, etc. Syed Sajjad Husain; University of Dacca
260 ## - PUBLICATION, DISTRIBUTION, ETC. (IMPRINT)
Place of publication, distribution, etc. [Dacca] East Pakistan:
Name of publisher, distributor, etc. University of Dacca,
Date of publication, distribution, etc. 1964.
300 ## - PHYSICAL DESCRIPTION
Pagination ii, 181 p.;
Size 25 cm.
500 ## - GENERAL NOTE
General note Thesis, with minor changes, University of Nottingham.
504 ## - BIBLIOGRAPHY, ETC. NOTE
Bibliography, etc Bibliography: p. [167]-174.
600 10 - SUBJECT ADDED ENTRY--PERSONAL NAME
Personal name Kipling, Rudyard,
Dates associated with a name 1865-1936
General subdivision Knowledge
Geographic subdivision India.
942 ## - ADDED ENTRY ELEMENTS (KOHA)
Source of classification or shelving scheme Dewey Decimal Classification
Koha item type Books
Holdings
Lost status Source of classification or shelving scheme Damaged status Not for loan Collection code Permanent Location Current Location Shelving location Date acquired Source of acquisition Cost, normal purchase price Total Checkouts Full call number Date last seen Copy number Koha item type
  Dewey Decimal Classification   Not For Loan Non-fiction Central Library, University of Rajshahi Central Library, University of Rajshahi Reading Room 07/10/1987 D. U. 20.00   828 HUK 1964 27/02/2020 C-1 Books